[Event "BLR-ch (Women)"]
[Site "Minsk"]
[Date "2019.06.07"]
[Round "9"]
[White "Kusenkova, Natallia"]
[Black "Prakapuk, Vera"]
[Result "1/2-1/2"]
[WhiteElo "2214"]
[BlackElo "1988"]
[PlyCount "42"]
[EventDate "2019.05.30"]
[EventType "tourn"]
[EventRounds "9"]
[EventCountry "BLR"]
[SourceTitle "CBM 190 Extra"]
[Source "ChessBase"]
[SourceDate "2019.07.15"]
[SourceVersion "1"]
[SourceVersionDate "2019.07.15"]
[SourceQuality "1"]

1. d4 d5 2. c4 c6 3. Nf3 Nf6 4. g3 e6 5. Bg2 Nbd7 6. Qc2 Bd6 7. 0-0 0-0 8. Nbd2 Qe7 9. Rd1 Re8 10. a3 e5 11. cxd5 cxd5 12. dxe5 Nxe5 13. Nd4 g6 14. N2f3 Nxf3+ 15. Bxf3 Ne4 16. Qb3 Qe5 17. Bf4 Qf6 18. Be3 Re5 19. Bf4 Re8 20. Be3 Re5 21. Bf4 Re8 1/2-1/2

[Event "BLR-ch (Women)"]
[Site "Minsk"]
[Date "2019.06.04"]
[Round "6"]
[White "Ilyuchyk, Yana"]
[Black "Kusenkova, Natallia"]
[Result "1/2-1/2"]
[WhiteElo "2137"]
[BlackElo "2214"]
[PlyCount "182"]
[EventDate "2019.05.30"]
[EventType "tourn"]
[EventRounds "9"]
[EventCountry "BLR"]
[SourceTitle "CBM 190 Extra"]
[Source "ChessBase"]
[SourceDate "2019.07.15"]
[SourceVersion "1"]
[SourceVersionDate "2019.07.15"]
[SourceQuality "1"]

1. e4 c5 2. Nf3 d6 3. d4 cxd4 4. Nxd4 Nf6 5. Nc3 a6 6. Be2 e5 7. Nb3 Be7 8. 0-0 0-0 9. Kh1 b6 10. Be3 Bb7 11. f3 b5 12. a4 b4 13. Nd5 Nxd5 14. exd5 Nd7 15. c4 bxc3 16. bxc3 Bg5 17. Bf2 Qc7 18. c4 a5 19. c5 Nxc5 20. Nxc5 dxc5 21. d6 Qd7 22. Bxc5 Rfc8 23. Bb5 Bc6 24. Bxc6 Qxc6 25. Ba3 Rd8 26. Re1 f6 27. Qb3+ Kh8 28. Rab1 h6 29. Red1 f5 30. Qb5 Qc2 31. Qxe5 Qxa4 32. Bc5 Qd7 33. Qd5 Rdb8 34. Bd4 a4 35. Be5 Kh7 36. f4 Bd8 37. h3 Kg6 38. Qd3 Rxb1 39. Rxb1 a3 40. Ra1 a2 41. Qg3+ Kh7 42. Qb3 Qa4 43. Qf7 Ra7 44. Qxf5+ Kg8 45. Qc8 Qe8 46. Qb8 Qd7 47. Rc1 Kh7 48. Qb2 Qf5 49. Ra1 Qe6 50. Qf2 Ra3 51. Kh2 Bf6 52. Qb2 Ra7 53. Bxf6 gxf6 54. Qd4 Rd7 55. Qd3+ Kg7 56. Qd2 Rxd6 57. Qxa2 Qxa2 58. Rxa2 Kg6 59. Ra8 Rd3 60. Rg8+ Kf5 61. Rh8 Kxf4 62. Rxh6 Kg5 63. Rh8 Kg6 64. Rg8+ Kh6 65. h4 Kh7 66. Rg4 Kh6 67. g3 Ra3 68. Kh3 Rb3 69. Rc4 Rb5 70. Kg4 Kg6 71. Rf4 f5+ 72. Kh3 Rb3 73. Ra4 Rb6 74. Ra5 Kf6 75. Ra4 Kg6 76. Kg2 Rb2+ 77. Kf3 Rb3+ 78. Kf4 Rb6 79. Rc4 Ra6 80. Rd4 Rb6 81. h5+ Kxh5 82. Kxf5 Rb5+ 83. Kf6 Rb6+ 84. Kf5 Rb5+ 85. Kf4 Kg6 86. Rd6+ Kg7 87. Re6 Ra5 88. Re5 Rxe5 89. Kxe5 Kg6 90. Kf4 Kf6 91. Kg4 Kg6 1/2-1/2

[Event "BLR-ch (Women)"]
[Site "Minsk"]
[Date "2019.06.03"]
[Round "5"]
[White "Kusenkova, Natallia"]
[Black "Kasparova, Tatiana"]
[Result "1/2-1/2"]
[WhiteElo "2214"]
[BlackElo "1970"]
[PlyCount "59"]
[EventDate "2019.05.30"]
[EventType "tourn"]
[EventRounds "9"]
[EventCountry "BLR"]
[SourceTitle "CBM 190 Extra"]
[Source "ChessBase"]
[SourceDate "2019.07.15"]
[SourceVersion "1"]
[SourceVersionDate "2019.07.15"]
[SourceQuality "1"]

1. d4 Nf6 2. Nf3 c5 3. d5 d6 4. Nc3 g6 5. e4 Bg7 6. Be2 0-0 7. 0-0 e6 8. Nd2 exd5 9. exd5 a6 10. a4 Nbd7 11. Nc4 Nb6 12. Ne3 Bd7 13. Re1 Re8 14. h3 Ne4 15. Nxe4 Rxe4 16. c4 Rb8 17. Qc2 Qe8 18. a5 Nc8 19. Bd2 Bd4 20. Bd3 Re7 21. Rab1 b6 22. axb6 Nxb6 23. Nf1 Qf8 24. Rxe7 Qxe7 25. Nh2 Qh4 26. Bc3 Bxc3 27. Qxc3 Na4 28. Qc2 a5 29. b3 Nb6 30. Ra1 1/2-1/2

[Event "BLR-ch (Women)"]
[Site "Minsk"]
[Date "2019.06.02"]
[Round "4"]
[White "Eidelson, Rakhil"]
[Black "Kusenkova, Natallia"]
[Result "0-1"]
[WhiteElo "2112"]
[BlackElo "2214"]
[PlyCount "78"]
[EventDate "2019.05.30"]
[EventType "tourn"]
[EventRounds "9"]
[EventCountry "BLR"]
[SourceTitle "CBM 190 Extra"]
[Source "ChessBase"]
[SourceDate "2019.07.15"]
[SourceVersion "1"]
[SourceVersionDate "2019.07.15"]
[SourceQuality "1"]

1. Nf3 d5 2. e3 Nf6 3. c4 e6 4. b3 c5 5. Bb2 Nc6 6. cxd5 exd5 7. Bb5 Bd7 8. 0-0 Bd6 9. Bxc6 Bxc6 10. d4 b6 11. Ne5 Bb7 12. Nc3 0-0 13. Ne2 Qe7 14. Ng3 g6 15. Re1 Rad8 16. a3 Nd7 17. Ng4 f6 18. h4 Qg7 19. Qd2 h5 20. Nh2 Rfe8 21. Nf3 Bxg3 22. fxg3 c4 23. bxc4 dxc4 24. d5 Nc5 25. e4 Nxe4 26. Rxe4 Rxe4 27. Ng5 Rxd5 28. Qc2 Re3 29. Qf2 Rde5 30. Bxe5 Rxe5 31. Nf3 Bxf3 32. Qxf3 Qe7 33. Kh2 Kg7 34. Rd1 Re3 35. Qf4 Rd3 36. Rf1 b5 37. a4 a6 38. axb5 axb5 39. Rf2 Qe5 0-1

[Event "EU-ch (Women) 20th"]
[Site "Antalya"]
[Date "2019.04.22"]
[Round "11"]
[White "Zhukova, Natalia"]
[Black "Kusenkova, Natallia"]
[Result "0-1"]
[WhiteElo "2356"]
[BlackElo "2211"]
[PlyCount "120"]
[EventDate "2019.04.11"]
[EventType "swiss"]
[EventRounds "11"]
[EventCountry "TUR"]
[SourceTitle "CBM 190"]
[Source "ChessBase"]
[SourceDate "2019.06.30"]
[SourceVersion "1"]
[SourceVersionDate "2019.06.30"]
[SourceQuality "1"]

1. c4 e6 2. Nf3 d5 3. g3 Nf6 4. Bg2 Be7 5. 0-0 0-0 6. b3 d4 7. e3 c5 8. exd4 cxd4 9. Bb2 Nc6 10. Re1 Re8 11. Ne5 Nxe5 12. Rxe5 Nd7 13. Re2 e5 14. d3 Bd6 15. Nd2 Nc5 16. Nf3 Bf5 17. Nh4 Bg4 18. Bf3 Bxf3 19. Nxf3 a5 20. Ba3 f6 21. Bxc5 Bxc5 22. Qf1 Qd7 23. Nd2 Bb4 24. Ne4 f5 25. Ng5 h6 26. Nh3 Ra6 27. f3 Rae6 28. Nf2 g6 29. a3 Bf8 30. Qe1 b6 31. b4 axb4 32. axb4 Qb7 33. Kg2 h5 34. h4 Bh6 35. Nh3 e4 36. Kh2 e3 37. Kg2 Ra8 38. Qb1 Ree8 39. Ng1 f4 40. Qb2 Qd7 41. c5 bxc5 42. bxc5 fxg3 43. Rxa8 Rxa8 44. Rc2 Rc8 45. Ne2 Bg7 46. Nxg3 Qe7 47. Qb6 Kh7 48. Kh3 Rf8 49. Qc6 Rf4 50. Qd6 Qxh4+ 51. Kg2 Qg5 52. Qd7 h4 53. Qh3 Qxg3+ 54. Qxg3 hxg3 55. c6 Rf8 56. f4 Bh6 57. c7 Bxf4 58. c8Q Rxc8 59. Rxc8 e2 60. Re8 Be3 0-1

[Event "EU-ch (Women) 20th"]
[Site "Antalya"]
[Date "2019.04.12"]
[Round "2"]
[White "Kusenkova, Natallia"]
[Black "Pipia, Ekaterine"]
[Result "1/2-1/2"]
[WhiteElo "2211"]
[BlackElo "1936"]
[PlyCount "67"]
[EventDate "2019.04.11"]
[EventType "swiss"]
[EventRounds "11"]
[EventCountry "TUR"]
[SourceTitle "CBM 190"]
[Source "ChessBase"]
[SourceDate "2019.06.30"]
[SourceVersion "1"]
[SourceVersionDate "2019.06.30"]
[SourceQuality "1"]

1. d4 Nf6 2. Nf3 e6 3. g3 b5 4. Bg2 Bb7 5. 0-0 c5 6. Na3 Qb6 7. c4 b4 8. Nc2 d6 9. b3 Be7 10. Bb2 0-0 11. Ne3 Na6 12. d5 Nc7 13. Ne1 a5 14. Kh1 a4 15. Rb1 axb3 16. axb3 Nd7 17. N3c2 exd5 18. cxd5 Bf6 19. Ne3 Nb5 20. Nc4 Qc7 21. Nc2 Nc3 22. Bxc3 Bxc3 23. e4 Ba6 24. N2e3 Nb6 25. Nxb6 Qxb6 26. Rg1 Bb5 27. Bf1 Bd7 28. Qf3 Qc7 29. Bd3 Ra2 30. Rbc1 Rb2 31. Rb1 Ra2 32. Rbc1 Rb2 33. Rb1 Ra2 34. Rbc1 1/2-1/2

[Event "Moscow op-A 15th"]
[Site "Moscow"]
[Date "2019.01.31"]
[Round "6"]
[White "Suleymanli, Aydin Elshan"]
[Black "Kusenkova, Natallia"]
[Result "1/2-1/2"]
[WhiteElo "2341"]
[BlackElo "2160"]
[PlyCount "80"]
[EventDate "2019.01.26"]
[EventType "swiss"]
[EventRounds "9"]
[EventCountry "RUS"]
[SourceTitle "CBM 188 Extra"]
[Source "ChessBase"]
[SourceDate "2019.02.26"]
[SourceVersion "1"]
[SourceVersionDate "2019.02.26"]
[SourceQuality "1"]

1. Nf3 d5 2. b3 c5 3. e3 Nf6 4. Bb2 g6 5. c4 dxc4 6. Bxc4 Bg7 7. 0-0 0-0 8. h3 Nc6 9. Ne5 Nxe5 10. Bxe5 Bf5 11. Qc1 Ne4 12. Bxg7 Kxg7 13. Qb2+ f6 14. Be2 Rc8 15. d3 Ng5 16. Nc3 Qd6 17. Rac1 Rfd8 18. Rfd1 b6 19. h4 Nf7 20. d4 cxd4 21. Nb5 Qb8 22. Nxd4 Qe5 23. Rxc8 Rxc8 24. Qd2 Nd6 25. f3 Bd7 26. Bf1 Rc7 27. e4 Qc5 28. Qf2 Kf7 29. Bd3 e5 30. Nc2 Qxf2+ 31. Kxf2 Bb5 32. Na3 Bxd3 33. Rxd3 Ke6 34. Rxd6+ Kxd6 35. Nb5+ Kc6 36. Nxc7 Kxc7 37. Ke3 Kd6 38. Kd3 Kc5 39. Kc3 b5 40. b4+ Kd6 1/2-1/2

[Event "Moscow op-A 15th"]
[Site "Moscow"]
[Date "2019.01.27"]
[Round "2"]
[White "Ovchinnikov, Andrey V"]
[Black "Kusenkova, Natallia"]
[Result "0-1"]
[WhiteElo "1605"]
[BlackElo "2160"]
[PlyCount "54"]
[EventDate "2019.01.26"]
[EventType "swiss"]
[EventRounds "9"]
[EventCountry "RUS"]
[SourceTitle "CBM 188 Extra"]
[Source "ChessBase"]
[SourceDate "2019.02.26"]
[SourceVersion "1"]
[SourceVersionDate "2019.02.26"]
[SourceQuality "1"]

1. d4 Nf6 2. c4 e6 3. Nf3 d5 4. g3 Bb4+ 5. Bd2 Be7 6. Bg2 0-0 7. cxd5 exd5 8. 0-0 c6 9. Nc3 Bf5 10. Nh4 Be6 11. Qc2 Qc8 12. Nf3 Bf5 13. Qb3 Nbd7 14. Rac1 Nb6 15. Ne5 Nfd7 16. Nxd5 Nxd5 17. Bxd5 Nxe5 18. dxe5 Qd7 19. e4 Bh3 20. Bxf7+ Rxf7 21. Rfd1 Qd4 22. Bf4 Qxe4 23. f3 Qb4 24. Qc2 Qb6+ 25. Kh1 g5 26. e6 Bxe6 27. Be5 Qe3 0-1

[Event "EU-ch (Women) 19th"]
[Site "Stary Smokovec"]
[Date "2018.04.19"]
[Round "11"]
[White "Novosadova, Kristyna"]
[Black "Kusenkova, Natallia"]
[Result "0-1"]
[WhiteElo "2240"]
[BlackElo "2134"]
[PlyCount "76"]
[EventDate "2018.04.08"]
[EventType "swiss"]
[EventRounds "11"]
[EventCountry "SVK"]
[SourceTitle "CBM 184 Extra"]
[Source "ChessBase"]
[SourceDate "2018.06.28"]
[SourceVersion "1"]
[SourceVersionDate "2018.06.28"]
[SourceQuality "1"]

1. d4 Nf6 2. c4 e6 3. Nc3 d5 4. cxd5 exd5 5. Bg5 Be7 6. e3 c6 7. Qc2 Nbd7 8. Bd3 0-0 9. h3 Re8 10. 0-0-0 Nf8 11. Bf4 Be6 12. g4 Qa5 13. Kb1 c5 14. Nge2 c4 15. Bf5 b5 16. Nc1 b4 17. N3e2 Qb5 18. Ng3 a5 19. g5 N6d7 20. h4 a4 21. Qe2 Qc6 22. h5 b3 23. g6 fxg6 24. Bxe6+ Qxe6 25. hxg6 Qxg6+ 26. e4 a3 27. axb3 axb2 28. Kxb2 Qa6 29. Rdg1 Ba3+ 30. Kc2 Bxc1 31. Bxc1 Qa2+ 32. Kd1 Qxb3+ 33. Ke1 Ra1 34. Qd2 Ng6 35. e5 Rea8 36. Kf1 R8a2 37. Qg5 Qf3 38. Rg2 Qd1# 0-1

[Event "EU-ch (Women) 19th"]
[Site "Stary Smokovec"]
[Date "2018.04.18"]
[Round "10"]
[White "Kusenkova, Natallia"]
[Black "Ionescu, Irina"]
[Result "1/2-1/2"]
[WhiteElo "2134"]
[BlackElo "2247"]
[PlyCount "82"]
[EventDate "2018.04.08"]
[EventType "swiss"]
[EventRounds "11"]
[EventCountry "SVK"]
[SourceTitle "CBM 184 Extra"]
[Source "ChessBase"]
[SourceDate "2018.06.28"]
[SourceVersion "1"]
[SourceVersionDate "2018.06.28"]
[SourceQuality "1"]

1. d4 Nf6 2. Nf3 e6 3. c4 Nc6 4. g3 Bb4+ 5. Bd2 Qe7 6. a3 Bxd2+ 7. Nbxd2 d6 8. Bg2 e5 9. d5 Nb8 10. e4 a5 11. b4 0-0 12. 0-0 Ne8 13. Qc2 axb4 14. axb4 Rxa1 15. Rxa1 Na6 16. Qc3 f5 17. exf5 Bxf5 18. Nh4 Bg4 19. Ne4 Qf7 20. h3 Bd7 21. Nf3 h6 22. Nfd2 Kh8 23. Rf1 Qh5 24. Kh2 g5 25. f3 Ng7 26. c5 Qf7 27. cxd6 cxd6 28. Nxd6 Qxd5 29. N2e4 Ne6 30. Rf2 Nd4 31. Bf1 b5 32. f4 Bc6 33. Bg2 gxf4 34. gxf4 Rxf4 35. Rxf4 exf4 36. Nf5 f3 37. Qxd4+ Qxd4 38. Nxd4 Bxe4 39. Bxf3 Bxf3 40. Nxf3 Kg7 41. Nd4 Nxb4 1/2-1/2

[Event "EU-ch (Women) 19th"]
[Site "Stary Smokovec"]
[Date "2018.04.10"]
[Round "3"]
[White "Martynkova, Olena"]
[Black "Kusenkova, Natallia"]
[Result "0-1"]
[WhiteElo "2280"]
[BlackElo "2134"]
[PlyCount "146"]
[EventDate "2018.04.08"]
[EventType "swiss"]
[EventRounds "11"]
[EventCountry "SVK"]
[SourceTitle "CBM 184 Extra"]
[Source "ChessBase"]
[SourceDate "2018.06.28"]
[SourceVersion "1"]
[SourceVersionDate "2018.06.28"]
[SourceQuality "1"]

1. d4 d5 2. Nf3 Nf6 3. c4 e6 4. g3 Be7 5. Bg2 0-0 6. 0-0 dxc4 7. Qc2 a6 8. a4 Bd7 9. Qxc4 Bc6 10. Bg5 Bd5 11. Qd3 Be4 12. Qe3 Bc6 13. Nc3 Nbd7 14. Qd3 Bb4 15. Rfe1 h6 16. Bxf6 Nxf6 17. e4 b6 18. Ne5 Bb7 19. Qc4 c5 20. Rad1 Qb8 21. Nd3 cxd4 22. Nxb4 dxc3 23. Qxc3 Rc8 24. Qd4 a5 25. Nd3 Bc6 26. b3 Rd8 27. Qc3 Qb7 28. f3 Rac8 29. Qb2 b5 30. Nc5 Qb6 31. Rxd8+ Rxd8 32. Qf2 bxa4 33. bxa4 Qb4 34. Qe3 Bxa4 35. Nxa4 Qxa4 36. Qc3 Qb5 37. Bf1 Qb6+ 38. Qe3 Qb4 39. Rc1 a4 40. Rc4 Qa5 41. Rc5 Qb6 42. Rc3 Qxe3+ 43. Rxe3 Ra8 44. Ra3 Nd7 45. Kf2 Kf8 46. Ke3 Ke7 47. Bb5 Ra5 48. Bc4 Kd6 49. Kd4 Ne5 50. Be2 Nc6+ 51. Kc4 Rc5+ 52. Kd3 Nb4+ 53. Kd2 Rc2+ 54. Ke3 Ra2 55. Rxa2 Nxa2 56. Kd4 Nc1 57. Bb5 e5+ 58. Kc3 a3 59. Bc4 f6 60. Kc2 Kc5 61. Be6 a2 62. Kb2 Kd4 63. h4 Ke3 64. Bg4 Kf2 65. h5 Kxg3 66. Ka1 Kh4 67. Kb2 Kg5 68. Ka1 g6 69. hxg6 Kxg6 70. Kb2 Kg5 71. Ka1 h5 72. Bh3 Kf4 73. Bg2 Kg3 0-1

[Event "BLR-ch (Women) 62nd"]
[Site "Minsk"]
[Date "2018.01.26"]
[Round "9"]
[White "Kusenkova, Natallia"]
[Black "Stashis, Anna"]
[Result "1-0"]
[WhiteElo "2112"]
[BlackElo "1946"]
[PlyCount "107"]
[EventDate "2018.01.18"]
[EventType "tourn"]
[EventRounds "11"]
[EventCountry "BLR"]
[SourceTitle "CBM 182 Extra"]
[Source "ChessBase"]
[SourceDate "2018.02.23"]
[SourceVersion "1"]
[SourceVersionDate "2018.02.23"]
[SourceQuality "1"]

1. Nf3 f5 2. d3 d6 3. e4 e5 4. Nc3 c5 5. g3 Nf6 6. Bh3 fxe4 7. Bxc8 Qxc8 8. dxe4 Nc6 9. Bg5 Qd8 10. Nh4 Be7 11. Nf5 0-0 12. Bxf6 Rxf6 13. Nd5 Re6 14. h4 Bf8 15. h5 Nd4 16. Nfe3 Kh8 17. c3 Nc6 18. Qg4 Re8 19. Nf5 Rb8 20. 0-0 b5 21. Rfd1 Rb7 22. Rd2 Rf7 23. Rad1 Qa5 24. a3 Nb8 25. Nde3 Nd7 26. Nxd6 Bxd6 27. Rxd6 Nf6 28. Qf5 Rff8 29. Ng4 Qa4 30. Nxf6 Rxf6 31. Qg4 Rxd6 32. Rxd6 Qc2 33. Rd7 Rg8 34. Qf5 Qxb2 35. Qxe5 b4 36. axb4 cxb4 37. h6 Qc1+ 38. Kg2 Qxh6 39. cxb4 Qb6 40. Qc5 Qg6 41. Qd4 h6 42. Rxa7 Re8 43. e5 Qc6+ 44. Kh2 Qf3 45. e6 Qh5+ 46. Kg2 Qg6 47. e7 Qe6 48. Qd7 Qxd7 49. Rxd7 Kg8 50. Rd8 Kf7 51. Rxe8 Kxe8 52. Kf3 Kxe7 53. Ke4 Kd6 54. Kf5 1-0

[Event "BLR-ch (Women) 62nd"]
[Site "Minsk"]
[Date "2018.01.21"]
[Round "4"]
[White "Kusenkova, Natallia"]
[Black "Badelka, Olga"]
[Result "1-0"]
[WhiteElo "2112"]
[BlackElo "2399"]
[PlyCount "87"]
[EventDate "2018.01.18"]
[EventType "tourn"]
[EventRounds "11"]
[EventCountry "BLR"]
[SourceTitle "CBM 182 Extra"]
[Source "ChessBase"]
[SourceDate "2018.02.23"]
[SourceVersion "1"]
[SourceVersionDate "2018.02.23"]
[SourceQuality "1"]

1. d4 Nf6 2. Nf3 e6 3. c4 c5 4. d5 exd5 5. cxd5 Bd6 6. Nc3 Bc7 7. e4 d6 8. h3 0-0 9. Bd3 Re8 10. 0-0 a6 11. a4 Nbd7 12. Bg5 h6 13. Bh4 Nf8 14. Nd2 Ng6 15. Bg3 Rb8 16. Re1 Nd7 17. f4 Ndf8 18. Nf3 Ba5 19. f5 Ne5 20. Nxe5 dxe5 21. Qe2 g6 22. fxg6 Nxg6 23. Rf1 Bc7 24. Qf3 Nf4 25. Ne2 Qd6 26. Nxf4 exf4 27. Bxf4 Qxf4 28. Qxf4 Bxf4 29. Rxf4 b5 30. axb5 axb5 31. Ra7 c4 32. Be2 f5 33. d6 Rxe4 34. Rxe4 fxe4 35. d7 Bxd7 36. Rxd7 e3 37. Bf3 Rc8 38. Rb7 Rc5 39. Kf1 Rg5 40. Ke2 Re5 41. Bc6 Rc5 42. Bxb5 c3 43. bxc3 Rxc3 44. Bd3 1-0

[Event "Olomouc op 20th"]
[Site "Olomouc"]
[Date "2017.08.19"]
[Round "9"]
[White "Kusenkova, Natallia"]
[Black "Mitchell, Martin"]
[Result "1/2-1/2"]
[WhiteElo "2088"]
[BlackElo "2228"]
[PlyCount "54"]
[EventDate "2017.08.12"]
[EventType "swiss"]
[EventRounds "9"]
[EventCountry "CZE"]
[SourceTitle "CBM 180 Extra"]
[Source "ChessBase"]
[SourceDate "2017.10.06"]
[SourceVersion "1"]
[SourceVersionDate "2017.10.06"]
[SourceQuality "1"]

1. d4 Nf6 2. Nf3 e6 3. c4 c5 4. d5 exd5 5. cxd5 d6 6. Nc3 g6 7. e4 Bg7 8. h3 0-0 9. Bd3 Nh5 10. 0-0 Nd7 11. Bg5 Bf6 12. Be3 Re8 13. g4 Ng7 14. Kg2 Ne5 15. Nxe5 Bxe5 16. Re1 f5 17. exf5 gxf5 18. f4 Bxc3 19. bxc3 c4 20. Bc2 fxg4 21. hxg4 Qf6 22. Rc1 Bd7 23. Qf3 Qh4 24. Rh1 Qxg4+ 25. Qxg4 Bxg4 26. Bxh7+ Kf7 27. Kf2 Nf5 1/2-1/2

[Event "Moscow op-B (Women) 13th"]
[Site "Moscow"]
[Date "2017.02.05"]
[Round "9"]
[White "Shafigullina, Zarina"]
[Black "Kusenkova, Natallia"]
[Result "0-1"]
[WhiteElo "2007"]
[BlackElo "2156"]
[PlyCount "138"]
[EventDate "2017.01.28"]
[EventType "swiss"]
[EventRounds "9"]
[EventCountry "RUS"]
[SourceTitle "EXT 2018"]
[Source "ChessBase"]
[SourceDate "2017.10.13"]
[SourceVersion "1"]
[SourceVersionDate "2017.10.13"]
[SourceQuality "1"]

1. d4 Nf6 2. Nf3 g6 3. g3 Bg7 4. Bg2 c5 5. c4 0-0 6. 0-0 d6 7. Nc3 Nc6 8. dxc5 dxc5 9. Be3 Be6 10. Nd2 Nd7 11. Rc1 Nd4 12. Bf4 Ne5 13. b3 Qd7 14. Nde4 Rac8 15. Nd5 b6 16. e3 Ndc6 17. Qe2 Bg4 18. f3 Bf5 19. Rfd1 Qb7 20. Nf2 Rcd8 21. g4 Bc8 22. Bg3 e6 23. Nc3 f5 24. Rxd8 Rxd8 25. gxf5 gxf5 26. f4 Ng6 27. e4 Nd4 28. Qh5 Qf7 29. Kh1 Ne7 30. Qh3 Bb7 31. Ra1 Rd7 32. Nd3 Ne2 33. Nxe2 Rxd3 34. e5 Ng6 35. Bxb7 Qxb7+ 36. Qg2 Qxg2+ 37. Kxg2 Kf7 38. Ng1 Rd2+ 39. Kf3 Bh6 40. h4 Rd4 41. Ne2 Rd3+ 42. Kf2 Ne7 43. Rh1 Nc6 44. Ke1 Nd4 45. Nxd4 Rxd4 46. Rf1 Re4+ 47. Kd1 Kg6 48. Rg1 Kh5 49. Bh2 Kxh4 50. Rg8 Bxf4 51. Bxf4 Rxf4 52. Re8 Re4 53. Rxe6 h5 54. Kd2 Kg5 55. Kd3 h4 56. Re8 h3 57. e6 h2 58. Rh8 Rxe6 59. Rxh2 Re7 60. Rg2+ Kh4 61. Rg8 f4 62. Rf8 Kg3 63. Rg8+ Kf2 64. Rf8 f3 65. Rf6 Kg2 66. a3 f2 67. Rg6+ Kf1 68. Kd2 Re2+ 69. Kc3 Re4 0-1

[Event "Moscow op-B (Women) 13th"]
[Site "Moscow"]
[Date "2017.02.04"]
[Round "8"]
[White "Kusenkova, Natallia"]
[Black "Teryaeva, Valeria"]
[Result "1-0"]
[WhiteElo "2156"]
[BlackElo "1719"]
[PlyCount "59"]
[EventDate "2017.01.28"]
[EventType "swiss"]
[EventRounds "9"]
[EventCountry "RUS"]
[SourceTitle "EXT 2018"]
[Source "ChessBase"]
[SourceDate "2017.10.13"]
[SourceVersion "1"]
[SourceVersionDate "2017.10.13"]
[SourceQuality "1"]

1. Nf3 f5 2. e4 fxe4 3. Ng5 Nf6 4. d3 e3 5. Bxe3 e5 6. d4 exd4 7. Bxd4 Nc6 8. Qe2+ Qe7 9. Bxf6 Qxe2+ 10. Bxe2 gxf6 11. Bh5+ Ke7 12. Nf3 d6 13. Nc3 Bf5 14. Nd5+ Kd8 15. 0-0-0 Bh6+ 16. Kb1 Bg7 17. Rhe1 Kd7 18. Nh4 Be6 19. Rxe6 Kxe6 20. Nxc7+ Kd7 21. Nxa8 Rxa8 22. Nf5 Bf8 23. f4 Nd8 24. Bg4 Kc7 25. Ne3 Bg7 26. Nd5+ Kc6 27. Bf3 Kd7 28. Re1 Nc6 29. Bg4+ Kd8 30. Re6 1-0

[Event "Moscow op-B (Women) 13th"]
[Site "Moscow"]
[Date "2017.01.30"]
[Round "3"]
[White "Matsenko, Elena"]
[Black "Kusenkova, Natallia"]
[Result "1/2-1/2"]
[WhiteElo "1962"]
[BlackElo "2156"]
[PlyCount "85"]
[EventDate "2017.01.28"]
[EventType "swiss"]
[EventRounds "9"]
[EventCountry "RUS"]
[SourceTitle "EXT 2018"]
[Source "ChessBase"]
[SourceDate "2017.10.13"]
[SourceVersion "1"]
[SourceVersionDate "2017.10.13"]
[SourceQuality "1"]

1. e4 e5 2. Nf3 Nc6 3. Nc3 Nf6 4. g3 d5 5. exd5 Nxd5 6. d3 Bb4 7. Bd2 Bg4 8. Bg2 0-0 9. h3 Bh5 10. g4 Bxc3 11. bxc3 Bg6 12. 0-0 f5 13. Re1 Re8 14. c4 fxg4 15. hxg4 Nf6 16. Nh4 Bf7 17. Nf5 Qd7 18. Rb1 h5 19. Ne3 hxg4 20. Rxb7 Nd4 21. Bc3 a6 22. Nf1 Nh5 23. Rb1 Rad8 24. Bxd4 exd4 25. Qd2 Rxe1 26. Rxe1 Re8 27. Rxe8+ Qxe8 28. Qg5 Nf6 29. Qc5 Qd8 30. Ng3 Bg6 31. Nf5 Bxf5 32. Qxf5 Qd6 33. c5 Qe7 34. Be4 a5 35. a4 Qd7 36. Qe5 Nxe4 37. dxe4 Qxa4 38. Qxc7 Qxc2 39. Qd8+ Kh7 40. Qh4+ Kg8 41. Qd8+ Kh7 42. Qh4+ Kg8 43. Qd8+ 1/2-1/2

[Event "BLR-ch (Women)"]
[Site "Minsk"]
[Date "2017.01.21"]
[Round "9"]
[White "Stashis, Anna"]
[Black "Kusenkova, Natallia"]
[Result "0-1"]
[WhiteElo "1916"]
[BlackElo "2156"]
[PlyCount "157"]
[EventDate "2017.01.13"]
[EventType "tourn"]
[EventRounds "9"]
[EventCountry "BLR"]
[SourceTitle "CBM 176 Extra"]
[Source "ChessBase"]
[SourceDate "2017.03.02"]
[SourceVersion "1"]
[SourceVersionDate "2017.03.02"]
[SourceQuality "1"]

1. e4 c5 2. c3 d5 3. exd5 Qxd5 4. d4 Nf6 5. Nf3 e6 6. Be2 Nc6 7. Be3 cxd4 8. cxd4 Be7 9. Nc3 Qd6 10. a3 0-0 11. 0-0 b6 12. Bc4 Bb7 13. Qe2 Na5 14. Bd3 Rac8 15. Rad1 Nc6 16. Bb1 Rfd8 17. Ba2 Nd5 18. Nxd5 exd5 19. Rfe1 Bf8 20. Bb1 Na5 21. Ng5 g6 22. h4 Nc4 23. h5 Bg7 24. hxg6 hxg6 25. Rc1 Re8 26. Qf3 Qd7 27. Qg3 Nxe3 28. fxe3 f5 29. Nh3 Rc6 30. Rxc6 Qxc6 31. Nf4 Kf7 32. Ba2 Qd6 33. Qf3 Re4 34. Nh3 Bf6 35. Bb1 Re8 36. g4 fxg4 37. Qxg4 Rg8 38. Nf4 Bc8 39. Bxg6+ Ke7 40. Qh5 Be6 41. Kf1 Rf8 42. Qh7+ Kd8 43. Bf5 Bxd4 44. Qh4+ Bf6 45. Qg4 Bxf5 46. Qxf5 Qd7 47. Qg6 Be5 48. Qg5+ Qe7 49. Qg4 Qf6 50. Rd1 Bxf4 51. exf4 Qxf4+ 52. Qxf4 Rxf4+ 53. Ke2 Rf5 54. Ke3 Ke7 55. Rh1 Ke6 56. Rh7 Rf7 57. Rh6+ Ke5 58. Rh5+ Kd6 59. Kd3 Rg7 60. Kd4 Rg4+ 61. Kd3 a5 62. Kc3 Rc4+ 63. Kd3 a4 64. Rh6+ Kc5 65. Rh8 Rg4 66. Rc8+ Kb5 67. Rd8 Rg3+ 68. Kd4 Rb3 69. Rxd5+ Ka6 70. Kc4 Rxb2 71. Rd3 b5+ 72. Kc5 Rc2+ 73. Kd4 Ka5 74. Rf3 Ra2 75. Rh3 Rb2 76. Rh8 Rb3 77. Kc5 Rc3+ 78. Kd4 Rxa3 79. Ra8+ 0-1

[Event "BLR-ch (Women)"]
[Site "Minsk"]
[Date "2017.01.18"]
[Round "6"]
[White "Kusenkova, Natallia"]
[Black "Dolbieva, Ksenia"]
[Result "1-0"]
[WhiteElo "2156"]
[BlackElo "1803"]
[PlyCount "111"]
[EventDate "2017.01.13"]
[EventType "tourn"]
[EventRounds "9"]
[EventCountry "BLR"]
[SourceTitle "CBM 176 Extra"]
[Source "ChessBase"]
[SourceDate "2017.03.02"]
[SourceVersion "1"]
[SourceVersionDate "2017.03.02"]
[SourceQuality "1"]

1. Nf3 f5 2. d3 d6 3. e4 fxe4 4. dxe4 e6 5. Nc3 Nc6 6. Bc4 Nf6 7. 0-0 Bd7 8. Qe2 Na5 9. Bd3 e5 10. Nd5 Bg4 11. h3 Bh5 12. Qe3 Bf7 13. Ng5 Nxd5 14. exd5 Bxd5 15. Bxh7 Qf6 16. f4 Be7 17. fxe5 Qxe5 18. Bg6+ Kd7 19. Bf5+ Kd8 20. Qxe5 dxe5 21. Rd1 c6 22. Nf7+ Kc7 23. Nxh8 Rxh8 24. Re1 Nc4 25. b3 Nd6 26. Bg4 Nf7 27. Be3 Bb4 28. Re2 Bc3 29. Rf1 Nh6 30. Bxh6 Rxh6 31. Rf8 Kb6 32. Bf5 Rd6 33. Kh2 a5 34. h4 Rh6 35. Kg3 Bb4 36. Re8 Bd6 37. Kh3 g5 38. g3 gxh4 39. gxh4 Rf6 40. Kg4 Bf7 41. Rh8 Ba3 42. Rh7 Bg8 43. Rg7 Bd5 44. Rxe5 Bb2 45. Ree7 c5 46. Rg6 c4 47. h5 cxb3 48. cxb3 Kc5 49. Re2 Bd4 50. Rxf6 Bxf6 51. Be6 Bc6 52. h6 Kd6 53. Kf5 Bc3 54. Bf7 Bb5 55. Re6+ Kd7 56. Be8+ 1-0